00498nam a2200181Ia 4500999001500000003000400015005001700019008004100036020001500077040000900092082001800101100002600119245006100145250001200206260004700218300000900265942004200274 c6888d6888OSt20200124114056.0190216s9999||||xx |||||||||||||| ||und|| a8183180973 coclc a658.84bGOP/E aGopalkrishna, D91460 0aElectronic Commerce : Emerging Trends /cGopalkrishna, D a1st ed. bHimalaya Publishing House,aMumbai:c2005. a191p cBK2ddch658.84iGOP/Ek658.84mGOP/E